000 00549nam a2200181 i 4500
001 bgj
100 1 _aGalbraith, John Kenneth
_d(1908-2006).
245 1 0 _aDie moderne Industriegesellschaft /
_cJohn Kenneth Galbraigth.
260 _aMünchen ;
_aZürich :
_bDroemer :
_bKnaur,
_c1968.
300 _a464 S. ;
_c21 cm.
505 _aRegister.
650 9 _aIndustriegesellschaft
_zVereinigten Staaten
650 9 _aIndustrie
_zVereinigten Staaten
040 _cBPK
041 0 _ager
_heng
942 _cKS
008 s gw f |000 0 ger
999 _c50753
_d50753
856 _uhttp://koha.tu.koszalin.pl/cgi-bin/koha/opac-detail.pl?biblionumber=50753
_yKatalog online BPK